National land code (act 56 of 1965) (with index and cases)

Bibliographic Details
Format: Book
Published: Kuala Lumpur : ILBS , 1992
Subjects:

MARC

LEADER 00000cam a2200000 7i4500
001 0000013988
005 20050629.0
020 |a 9678905108 
040 |a INS 
090 0 0 |a KF4594   |b M5 1992 
245 1 0 |a National land code (act 56 of 1965) (with index and cases) 
260 |a Kuala Lumpur :   |b ILBS ,   |c 1992 
300 |a ip :   |b 428p ;   |c 25cm. 
650 0 0 |a Land tenure   |x Law and legislation   |y Malaysia 
999 |a 0000004952   |b BOOK   |c Acts   |e Default branch